[Event "SVK-ch U16/20 Girls"]
[Site "Liptovsky Mikulas"]
[Date "2016.04.19"]
[Round "5"]
[White "Nadzamova, Rebeka"]
[Black "Lazorova, Maria"]
[Result "1/2-1/2"]
[WhiteElo "1693"]
[BlackElo "1460"]
[PlyCount "56"]
[EventDate "2016.04.16"]
[EventType "swiss"]
[EventRounds "9"]
[EventCountry "SVK"]
[SourceTitle "CBM 172 Extra"]
[Source "ChessBase"]
[SourceDate "2016.06.21"]
[SourceVersion "1"]
[SourceVersionDate "2016.06.21"]
[SourceQuality "1"]

1. e4 c5 2. Nf3 a6 3. d4 cxd4 4. Nxd4 e5 5. Nf3 Nc6 6. Nc3 Nf6 7. a3 Be7 8. Bc4 b5 9. Bd5 Qc7 10. 0-0 0-0 11. Bg5 Bb7 12. Qd2 h6 13. Bxf6 Bxf6 14. Rad1 Rad8 15. Rfe1 d6 16. Ne2 Ne7 17. Bxb7 Qxb7 18. Nc3 Rd7 19. Nd5 Nxd5 20. Qxd5 Qxd5 21. Rxd5 Rc8 22. Re2 Rdd8 23. Red2 Be7 24. Kf1 Rf8 25. Ke2 f5 26. exf5 Rxf5 27. c3 Rcf8 28. h3 g6 1/2-1/2

[Event "Liptovsky Mikulas CupT U20"]
[Site "Liptovsky Mikulas"]
[Date "2015.06.28"]
[Round "6.4"]
[White "Buco, Martin"]
[Black "Lazorova, Maria"]
[Result "1/2-1/2"]
[WhiteElo "1597"]
[BlackElo "1486"]
[PlyCount "35"]
[EventDate "2015.06.25"]
[EventType "team-swiss"]
[EventRounds "7"]
[EventCountry "SVK"]
[SourceTitle "CBM 167 Extra"]
[Source "ChessBase"]
[SourceDate "2015.09.14"]
[SourceVersion "1"]
[SourceVersionDate "2015.09.14"]
[SourceQuality "1"]
[WhiteTeam "Povazie RSA (U18)"]
[BlackTeam "Rajecke Teplice Girls (U18)"]
[WhiteTeamCountry "SVK"]
[BlackTeamCountry "SVK"]

1. e4 c5 2. Nc3 a6 3. f4 e6 4. g3 b5 5. Bg2 Bb7 6. Nf3 d5 7. d3 Qb6 8. Qe2 d4 9. Nd1 Nf6 10. 0-0 Nc6 11. Nf2 Be7 12. e5 Nd5 13. Ne4 0-0 14. h4 h6 15. Bh3 Bc8 16. g4 c4 17. h5 cxd3 18. cxd3 1/2-1/2

[Event "Liptovsky Mikulas CupT U20"]
[Site "Liptovsky Mikulas"]
[Date "2015.06.27"]
[Round "5.4"]
[White "Lazorova, Maria"]
[Black "Janecek, Miroslav"]
[Result "1/2-1/2"]
[WhiteElo "1486"]
[BlackElo "1475"]
[PlyCount "57"]
[EventDate "2015.06.25"]
[EventType "team-swiss"]
[EventRounds "7"]
[EventCountry "SVK"]
[SourceTitle "CBM 167 Extra"]
[Source "ChessBase"]
[SourceDate "2015.09.14"]
[SourceVersion "1"]
[SourceVersionDate "2015.09.14"]
[SourceQuality "1"]
[WhiteTeam "Rajecke Teplice Girls (U18)"]
[BlackTeam "Opavsko (U18)"]
[WhiteTeamCountry "SVK"]
[BlackTeamCountry "CZE"]

1. c4 Nf6 2. d4 e6 3. e3 Bb4+ 4. Bd2 Bxd2+ 5. Nxd2 b6 6. Ngf3 Bb7 7. Be2 0-0 8. 0-0 d6 9. b4 Nbd7 10. a3 Re8 11. Qc2 Ba6 12. b5 Bb7 13. e4 e5 14. d5 Nc5 15. Bd3 Nh5 16. Nb3 Nxd3 17. Qxd3 Nf4 18. Qd1 Qf6 19. g3 Qg6 20. Nh4 Qg5 21. Kh1 Qf6 22. Nf5 Ng6 23. Qf3 Ne7 24. Nxe7+ Qxe7 25. Nd2 Bc8 26. Rae1 Rf8 27. Qg2 Qg5 28. f4 Qh6 29. f5 1/2-1/2

[Event "Liptovsky Mikulas CupT U20"]
[Site "Liptovsky Mikulas"]
[Date "2015.06.25"]
[Round "1.4"]
[White "Lazorova, Maria"]
[Black "Miklasova, Emma"]
[Result "0-1"]
[WhiteElo "1486"]
[BlackElo "1641"]
[PlyCount "50"]
[EventDate "2015.06.25"]
[EventType "team-swiss"]
[EventRounds "7"]
[EventCountry "SVK"]
[SourceTitle "CBM 167 Extra"]
[Source "ChessBase"]
[SourceDate "2015.09.14"]
[SourceVersion "1"]
[SourceVersionDate "2015.09.14"]
[SourceQuality "1"]
[WhiteTeam "Rajecke Teplice Girls (U18)"]
[BlackTeam "Liptov Chess School (U18)"]
[WhiteTeamCountry "SVK"]
[BlackTeamCountry "SVK"]

1. c4 e5 2. Nc3 Nf6 3. g3 c6 4. Bg2 d6 5. e3 Be6 6. b3 Nbd7 7. Nge2 g6 8. 0-0 Bg7 9. Bb2 0-0 10. f4 Re8 11. fxe5 dxe5 12. e4 Nc5 13. Qc2 Qb6 14. Kh1 Rad8 15. Nd1 Bg4 16. Nec3 Rd7 17. Ne3 Red8 18. Nb1 Be2 19. Rf2 Bd3 20. Qc1 Nfxe4 21. Bxe4 Bxe4+ 22. Kg1 Nd3 23. Qf1 Nxf2 24. Qxf2 Bxb1 25. Rxb1 Rxd2 0-1

[Event "SVK-ch U20 Girls"]
[Site "Tatralandia"]
[Date "2015.04.24"]
[Round "8"]
[White "Lazorova, Maria"]
[Black "Majerova, Veronika"]
[Result "0-1"]
[WhiteElo "1471"]
[BlackElo "1491"]
[PlyCount "82"]
[EventDate "2015.04.18"]
[EventType "swiss"]
[EventRounds "9"]
[EventCountry "SVK"]
[SourceTitle "CBM 166 Extra"]
[Source "ChessBase"]
[SourceDate "2015.06.18"]
[SourceVersion "1"]
[SourceVersionDate "2015.06.18"]
[SourceQuality "1"]

1. c4 c5 2. d3 b6 3. Nf3 Nf6 4. Nc3 g6 5. e3 Bb7 6. Be2 Bg7 7. 0-0 0-0 8. Qc2 d6 9. b3 Nc6 10. a3 a6 11. Bb2 e6 12. h3 Qd7 13. Rad1 Rfd8 14. Rd2 Rab8 15. Rb1 d5 16. d4 cxd4 17. Nxd4 Nxd4 18. exd4 Bh6 19. Rdd1 Rbc8 20. Qd3 Ne4 21. Nxe4 dxe4 22. Qc3 f5 23. d5 Bg7 24. Qxg7+ Qxg7 25. Bxg7 Kxg7 26. dxe6 Kf6 27. Rxd8 Rxd8 28. Rd1 Rxd1+ 29. Bxd1 Kxe6 30. g3 a5 31. Kf1 Ke5 32. Ke2 Kd4 33. Kd2 Ba6 34. Be2 a4 35. bxa4 Bxc4 36. Bxc4 Kxc4 37. Kc2 g5 38. Kd2 Kb3 39. Ke3 Kxa3 40. a5 bxa5 41. Kd4 Kb3 0-1

[Event "SVK-ch U20 Girls"]
[Site "Tatralandia"]
[Date "2015.04.19"]
[Round "2"]
[White "Lazorova, Maria"]
[Black "Tomcikova, Zuzana"]
[Result "0-1"]
[WhiteElo "1471"]
[BlackElo "1578"]
[PlyCount "72"]
[EventDate "2015.04.18"]
[EventType "swiss"]
[EventRounds "9"]
[EventCountry "SVK"]
[SourceTitle "CBM 166 Extra"]
[Source "ChessBase"]
[SourceDate "2015.06.18"]
[SourceVersion "1"]
[SourceVersionDate "2015.06.18"]
[SourceQuality "1"]

1. c4 Nf6 2. d4 e6 3. Nf3 c5 4. e3 d5 5. Bd3 Nc6 6. Nc3 dxc4 7. Bxc4 cxd4 8. exd4 Bb4 9. 0-0 0-0 10. Be3 a6 11. Qc2 b5 12. Bd3 h6 13. a3 Ba5 14. b4 Bb6 15. Be4 Nxe4 16. Qxe4 Bb7 17. Rad1 Qc8 18. Qd3 Ne7 19. Bf4 Nf5 20. g4 Ne7 21. Bxh6 Bxf3 22. Qxf3 gxh6 23. Ne2 Qc6 24. Qf6 Ng6 25. f3 Bd8 26. d5 Qb6+ 27. Qd4 Qxd4+ 28. Nxd4 exd5 29. Nf5 Bb6+ 30. Kg2 Kh7 31. h4 Rfe8 32. Kg3 Bc7+ 33. Kf2 Nf4 34. Rd2 Re6 35. Nd4 Bb6 36. Kg3 Bxd4 0-1

[Event "Senica op 6th"]
[Site "Senica"]
[Date "2014.08.30"]
[Round "6"]
[White "Vavrinkova, Jitka"]
[Black "Lazorova, Maria"]
[Result "1-0"]
[WhiteElo "1590"]
[BlackElo "1323"]
[PlyCount "77"]
[EventDate "2014.08.27"]
[EventType "swiss"]
[EventRounds "7"]
[EventCountry "SVK"]
[SourceTitle "EXT 2016"]
[Source "ChessBase"]
[SourceDate "2015.10.08"]
[SourceVersion "1"]
[SourceVersionDate "2015.10.08"]
[SourceQuality "1"]

1. e4 c5 2. c3 a6 3. d4 cxd4 4. cxd4 d5 5. e5 e6 6. Nf3 Bb4+ 7. Nc3 Bxc3+ 8. bxc3 b5 9. Bd3 f5 10. Ng5 Ne7 11. Qh5+ g6 12. Qh6 Kd7 13. Nf7 Qe8 14. Nxh8 Qxh8 15. 0-0 Nbc6 16. Ba3 Bb7 17. Bc5 Rc8 18. a4 bxa4 19. Rxa4 Nb8 20. Rb4 Bc6 21. Qg5 Qe8 22. Rfb1 Bb5 23. Bxb5+ axb5 24. Rxb5 Nbc6 25. Rb7+ Rc7 26. Rxc7+ Kxc7 27. Bd6+ Kc8 28. Qf6 Qd7 29. Ra1 Qb7 30. Qxe6+ Kd8 31. Bxe7+ Nxe7 32. Qd6+ Ke8 33. Qb4 Qxb4 34. cxb4 Nc6 35. Ra8+ Kd7 36. b5 Nxd4 37. b6 Kc6 38. Rd8 Ne6 39. Rd6+ 1-0

[Event "Senica op 6th"]
[Site "Senica"]
[Date "2014.08.29"]
[Round "4"]
[White "Ulehla, Jakub"]
[Black "Lazorova, Maria"]
[Result "1/2-1/2"]
[WhiteElo "1505"]
[BlackElo "1323"]
[PlyCount "126"]
[EventDate "2014.08.27"]
[EventType "swiss"]
[EventRounds "7"]
[EventCountry "SVK"]
[SourceTitle "EXT 2016"]
[Source "ChessBase"]
[SourceDate "2015.10.08"]
[SourceVersion "1"]
[SourceVersionDate "2015.10.08"]
[SourceQuality "1"]

1. e4 c5 2. Nf3 a6 3. d4 cxd4 4. Nxd4 d6 5. Nc3 Nf6 6. Bd3 e6 7. Bg5 Be7 8. 0-0 Nc6 9. Nxc6 bxc6 10. Qf3 h6 11. Bh4 e5 12. Rfe1 0-0 13. Rad1 Bg4 14. Qg3 Bxd1 15. Nxd1 Nh5 16. Bxe7 Qxe7 17. Qg4 Nf4 18. Ne3 Nxd3 19. cxd3 Qe6 20. Nf5 Qf6 21. Re3 Rae8 22. Rh3 Qg5 23. Qd1 Qf4 24. Rf3 Qg5 25. Rg3 Qf6 26. Rxg7+ Kh8 27. Qh5 Re6 28. Rg3 Rg8 29. Rh3 Rg6 30. f3 Kh7 31. Rg3 Rxg3 32. hxg3 Qg6 33. Qxg6+ fxg6 34. Ne3 Re8 35. b3 h5 36. g4 Kh6 37. gxh5 Kxh5 38. Ng4 Rf8 39. Kf2 Kg5 40. Ne3 Rf7 41. Nc2 c5 42. Ne3 Rf8 43. Nd5 Rf7 44. g3 Kh6 45. Ke3 g5 46. Nb6 Kg6 47. Nc4 Rd7 48. f4 gxf4+ 49. gxf4 exf4+ 50. Kxf4 Kf6 51. Ke3 Ke6 52. d4 cxd4+ 53. Kxd4 Rd8 54. Ne3 Rd7 55. Nd5 Rf7 56. a4 Rb7 57. b4 Ra7 58. Nf4+ Kd7 59. Kd5 Rb7 60. Nd3 Rb6 61. e5 dxe5 62. Nxe5+ Kc7 63. Kc5 Rb7 1/2-1/2

[Event "SVK-ch U16 Girls"]
[Site "Stara Lubovna"]
[Date "2014.04.12"]
[Round "7"]
[White "Liscinska, Jana"]
[Black "Lazorova, Maria"]
[Result "1/2-1/2"]
[WhiteElo "1616"]
[BlackElo "1295"]
[PlyCount "95"]
[EventDate "2014.04.05"]
[EventType "tourn"]
[EventRounds "7"]
[EventCountry "SVK"]
[SourceTitle "EXT 2016"]
[Source "ChessBase"]
[SourceDate "2015.10.08"]
[SourceVersion "1"]
[SourceVersionDate "2015.10.08"]
[SourceQuality "1"]

1. d4 f5 2. c4 Nf6 3. Nc3 g6 4. Nf3 Bg7 5. Qc2 0-0 6. e4 d6 7. Be2 Nc6 8. 0-0 e6 9. Bg5 Qd7 10. Rad1 b6 11. c5 Nxe4 12. Nxe4 fxe4 13. Qxe4 d5 14. Qc2 Bb7 15. Bb5 a6 16. Be2 Rf7 17. Qc1 Raf8 18. cxb6 cxb6 19. Bh6 b5 20. Bxg7 Rxg7 21. Qg5 Rf5 22. Qg3 Qe7 23. Bd3 Rf6 24. Bb1 Qc7 25. Qxc7 Rxc7 26. Rfe1 Re7 27. Ne5 Nxe5 28. Rxe5 a5 29. b4 axb4 30. Bd3 Ba6 31. Rb1 Rb7 32. Rxb4 Kg7 33. h4 h6 34. g3 Kf7 35. f4 Kg7 36. Kg2 h5 37. Re2 Kf7 38. Rc2 Kg7 39. Rc6 Ra7 40. a4 Bb7 41. Rc7+ Rf7 42. Rxf7+ Kxf7 43. Bxb5 Ba6 44. a5 Bxb5 45. Rxb5 Kf6 46. Kf3 Kf5 47. Rc5 Rb7 48. Rc3 1/2-1/2

[Event "SVK-ch U16 Girls"]
[Site "Stara Lubovna"]
[Date "2014.04.05"]
[Round "1"]
[White "Gazikova, Veronika"]
[Black "Lazorova, Maria"]
[Result "1-0"]
[WhiteElo "2140"]
[BlackElo "1295"]
[PlyCount "41"]
[EventDate "2014.04.05"]
[EventType "tourn"]
[EventRounds "7"]
[EventCountry "SVK"]
[SourceTitle "EXT 2016"]
[Source "ChessBase"]
[SourceDate "2015.10.08"]
[SourceVersion "1"]
[SourceVersionDate "2015.10.08"]
[SourceQuality "1"]

1. e4 c5 2. Nf3 d6 3. d4 cxd4 4. Nxd4 a6 5. Nc3 Nf6 6. Bg5 e6 7. f4 Be7 8. Qf3 h6 9. Bh4 e5 10. Nf5 Bxf5 11. exf5 Nc6 12. 0-0-0 Qc7 13. Bf2 0-0-0 14. Na4 Rde8 15. Bb6 Qb8 16. Bxa6 e4 17. Qc3 Kd7 18. Nc5+ Kc8 19. Nxb7 Qxb7 20. Qxc6+ Kb8 21. Qxb7# 1-0

[Event "SVK-ch U14 Girls"]
[Site "Lubovna"]
[Date "2013.04.10"]
[Round "6"]
[White "Lazorova, Maria"]
[Black "Tomcikova, Zuzana"]
[Result "1/2-1/2"]
[WhiteElo "1289"]
[BlackElo "1101"]
[PlyCount "92"]
[EventDate "2013.04.06"]
[EventType "tourn"]
[EventRounds "9"]
[EventCountry "SVK"]
[SourceTitle "CBM 153 Extra"]
[Source "ChessBase"]
[SourceDate "2013.04.22"]
[SourceVersion "1"]
[SourceVersionDate "2013.04.22"]
[SourceQuality "1"]

1. c4 Nf6 2. d3 e6 3. a3 c5 4. Nf3 d6 5. e4 Nc6 6. Be3 Be7 7. Be2 0-0 8. 0-0 e5 9. h3 Bd7 10. Nc3 h6 11. Rb1 a5 12. b3 b6 13. Qc2 Qc8 14. Kh2 Nd4 15. Bxd4 exd4 16. Nd5 Nxd5 17. exd5 Re8 18. Rbe1 Bf6 19. Ng1 Be5+ 20. f4 Bf6 21. Rf3 Qc7 22. Ref1 Re7 23. R1f2 Rae8 24. g4 Bh4 25. Rg2 Re3 26. Qd1 Rxf3 27. Bxf3 Re3 28. Be4 Qc8 29. f5 Qe8 30. Nf3 Bf6 31. g5 Be5+ 32. Kh1 h5 33. g6 f6 34. a4 Qc8 35. Nxe5 dxe5 36. Qxh5 Re1+ 37. Rg1 Rxg1+ 38. Kxg1 Kf8 39. Qh8+ Ke7 40. Qxc8 Bxc8 41. Kg2 Kf8 42. Kg3 Bd7 43. Kg4 Be8 44. h4 Bd7 45. h5 Be8 46. d6 Bd7 1/2-1/2

[Event "SVK-ch U14 Girls"]
[Site "Lubovna"]
[Date "2013.04.08"]
[Round "4"]
[White "Lazorova, Maria"]
[Black "Nadzamova, Rebeka"]
[Result "1/2-1/2"]
[WhiteElo "1289"]
[BlackElo "1274"]
[PlyCount "90"]
[EventDate "2013.04.06"]
[EventType "tourn"]
[EventRounds "9"]
[EventCountry "SVK"]
[SourceTitle "CBM 153 Extra"]
[Source "ChessBase"]
[SourceDate "2013.04.22"]
[SourceVersion "1"]
[SourceVersionDate "2013.04.22"]
[SourceQuality "1"]

1. c4 c5 2. d3 Nc6 3. Nf3 g6 4. Nc3 Bg7 5. a3 Nf6 6. e3 0-0 7. Be2 b6 8. d4 cxd4 9. exd4 d5 10. 0-0 Bb7 11. Be3 Rc8 12. Rc1 Rc7 13. b4 Rd7 14. Qb3 e6 15. h3 dxc4 16. Bxc4 Nd5 17. Nxd5 exd5 18. Bb5 Rc7 19. Rfe1 a6 20. Bxc6 Rxc6 21. Rxc6 Bxc6 22. Qc2 Qd7 23. Qd2 Ra8 24. Bh6 Re8 25. Rxe8+ Qxe8 26. Bxg7 Kxg7 27. Ne5 f6 28. Ng4 Qe7 29. Qf4 g5 30. Qc1 Bb5 31. Ne3 Qd7 32. Ng4 Qc6 33. Qe1 Qe8 34. Qe3 h5 35. Nh2 Qxe3 36. fxe3 f5 37. Nf3 Kf6 38. h4 g4 39. Ng5 Ba4 40. Kf2 Bc6 41. Kg3 Bb5 42. Nh7+ Kg6 43. Ng5 Bd7 44. Kf4 Kf6 45. Nh7+ Kg7 1/2-1/2

[Event "SVK-ch U14 Girls"]
[Site "Lubovnianske Kupele"]
[Date "2012.03.22"]
[Round "5"]
[White "Lazorova, Maria"]
[Black "Polakova, Eva"]
[Result "0-1"]
[WhiteElo "1245"]
[BlackElo "1528"]
[PlyCount "60"]
[EventDate "2012.03.17"]
[EventType "swiss"]
[EventRounds "7"]
[EventCountry "SVK"]
[SourceTitle "CBM 147 Extra"]
[Source "ChessBase"]
[SourceDate "2012.04.24"]
[SourceVersion "1"]
[SourceVersionDate "2012.04.24"]
[SourceQuality "1"]

1. c4 c5 2. d3 Nf6 3. a3 g6 4. Nf3 Bg7 5. Nc3 Nc6 6. e3 d6 7. Be2 a6 8. Bd2 Bd7 9. Qc2 Rb8 10. Nd5 b5 11. Nxf6+ Bxf6 12. Bc3 e6 13. Bxf6 Qxf6 14. Qc3 Qxc3+ 15. bxc3 bxc4 16. dxc4 Rb3 17. Kd2 Ke7 18. h4 h5 19. Rhg1 Rhb8 20. Bd1 Rb2+ 21. Bc2 Na5 22. Kd3 Nxc4 23. Kxc4 Rxc2 24. Rgb1 Rxb1 25. Rxb1 Bb5+ 26. Kb3 Rxf2 27. c4 Bd7 28. Ng5 Rxg2 29. Rf1 f6 30. Nh7 f5 0-1

[Event "SVK-ch U14 Girls"]
[Site "Lubovnianske Kupele"]
[Date "2012.03.17"]
[Round "1"]
[White "Lazorova, Maria"]
[Black "Liscinska, Jana"]
[Result "0-1"]
[WhiteElo "1245"]
[BlackElo "1684"]
[PlyCount "78"]
[EventDate "2012.03.17"]
[EventType "swiss"]
[EventRounds "7"]
[EventCountry "SVK"]
[SourceTitle "CBM 147 Extra"]
[Source "ChessBase"]
[SourceDate "2012.04.24"]
[SourceVersion "1"]
[SourceVersionDate "2012.04.24"]
[SourceQuality "1"]

1. e4 e5 2. Nf3 Nc6 3. d4 exd4 4. Nxd4 Bc5 5. Be3 Bb6 6. Nc3 d6 7. Be2 Nf6 8. Qd2 Ba5 9. Bf3 Ne5 10. Nb3 Nc4 11. Qe2 Bxc3+ 12. bxc3 Ne5 13. Bd4 Qe7 14. Nd2 0-0 15. h3 Bd7 16. Rb1 Bc6 17. Qe3 Nxf3+ 18. gxf3 Nh5 19. Ke2 f5 20. Qd3 Nf4+ 21. Ke3 Nxd3 22. cxd3 fxe4 23. dxe4 d5 24. Rbg1 Rf7 25. Rg4 dxe4 26. Nxe4 Bxe4 27. Rxe4 Qg5+ 28. Ke2 Qf5 29. Re3 Qc2+ 30. Kf1 Raf8 31. Rg1 g6 32. Re6 Qd1+ 33. Re1 Qxf3 34. Rg2 Qxh3 35. Re2 b6 36. c4 Qh1+ 37. Rg1 Qh4 38. Rg2 Qxd4 39. Kg1 Qd1+ 0-1